000 00566nam a2200217Ia 4500
003 0100
008 130303s9999 xx 000 0 und d
020 _a1840148896
040 _cARRUPELIB
050 _aLC137.K4A342000
100 _aAchola, Paul Pius Waw
245 _aChallenges of primary education in developing countries
245 _binsights from Kenya
260 _aBurlington, VT
260 _bAldershot
260 _C2000
300 _a184p.23cm
650 _bUganda--Politics
700 _aPaul Pius Waw Achola , Pillai, Vijayan K
942 0 0 _06
999 _c7783
_d7783